000 00332nam a2200157Ia 4500
003 OSt
005 20240208111631.0
008 170524s9999 xx 000 0 und d
020 _a9780195667585
040 _cIIMT
100 _aApte Govind
245 0 _aService Marketing
260 _bOxford
260 _c2007
942 _2ddc
_c02
999 _c7499
_d7499